Geography zone : Landforms : (Record no. 7890)

MARC details
000 -LEADER
fixed length control field 01044nam a22003017a 4500
001 - CONTROL NUMBER
control field 7890
003 - CONTROL NUMBER IDENTIFIER
control field FISKH
005 - DATE AND TIME OF LATEST TRANSACTION
control field 20250813095809.0
008 - FIXED-LENGTH DATA ELEMENTS--GENERAL INFORMATION
fixed length control field 250813b cb ||||| |||| 00| 0 eng d
020 ## - INTERNATIONAL STANDARD BOOK NUMBER
International Standard Book Number 9781435831148
040 ## - CATALOGING SOURCE
Original cataloging agency FISKH
Language of cataloging eng
Transcribing agency FISKH
Modifying agency FISKH
050 ## - LIBRARY OF CONGRESS CALL NUMBER
Classification number GB562.M57
082 ## - DEWEY DECIMAL CLASSIFICATION NUMBER
Classification number 551.44
100 ## - MAIN ENTRY--PERSONAL NAME
Personal name S.Mis, Melody
245 ## - TITLE STATEMENT
Title Geography zone : Landforms :
Remainder of title Exploring canyons /
Statement of responsibility, etc. Melody S.Mis
250 ## - EDITION STATEMENT
Edition statement This edition first published in 2009
260 ## - PUBLICATION, DISTRIBUTION, ETC.
Place of publication, distribution, etc. New York :
Name of publisher, distributor, etc. PowerKids,
Date of publication, distribution, etc. 2009
300 ## - PHYSICAL DESCRIPTION
Extent 24 pages :
Other physical details color illustrations ;
Dimensions 21 cm
505 ## - FORMATTED CONTENTS NOTE
Formatted contents note J<br/>
520 ## - SUMMARY, ETC.
Summary, etc. Describes the geographical characteristics of canyons, explains how they are formed, identifies typical plants and animals found in canyons, and examines what it would be like to live in the Grand Canyon.<br/>
521 8# - TARGET AUDIENCE NOTE
Target audience note 450<br/>
Source Lexile<br/>
521 8# - TARGET AUDIENCE NOTE
Target audience note J<br/>
Source Raz-Plus<br/>
650 ## - SUBJECT ADDED ENTRY--TOPICAL TERM
Source of heading or term Children's
Topical term or geographic name entry element Weather
650 ## - SUBJECT ADDED ENTRY--TOPICAL TERM
Source of heading or term Animal in Canyon
Topical term or geographic name entry element People in Canyon
700 ## - ADDED ENTRY--PERSONAL NAME
Personal name Gerweek, Jessica
Dates associated with a name illustrator
942 ## - ADDED ENTRY ELEMENTS (KOHA)
Source of classification or shelving scheme Dewey Decimal Classification
Koha item type Books
Suppress in OPAC No
Holdings
Withdrawn status Lost status Source of classification or shelving scheme Damaged status Not for loan Collection Home library Current library Shelving location Date acquired Total Checkouts Full call number Barcode Date last seen Copy number Price effective from Koha item type
    Dewey Decimal Classification     Non-Fiction Footprints International School Library Network Toul Tom Poung Campus Footprints International School Library Network Toul Tom Poung Campus TTP Primary Dark Blue Bookshelves 08/13/2025   MIS 551.44 GB562.M57 FIS03773 08/13/2025 1 08/13/2025 Books